Harry Potter Movie Picture Quiz - Spells #1 (multiple choice) - Statistics

General Stats
  • This quiz has been taken 57 times
    49 since last reset
  • The average score is 12 of 15
Answer Stats
Question Answer % Correct
Oculus Reparo
100%
Obliviate
97%
Eat Slugs
97%
Reveal your secrets
91%
Avada Kedavra
86%
Legilimens
86%
Reducto
86%
Arresto momentum
86%
Crucio
80%
Imperio
80%
Aguamenti
80%
Confundus
77%
Levicorpus
69%
Finite Incantato
69%
Homenum Revelio
63%
No matching quizzes found
Score Distribution
Percent of People with Each Score
Percentile by Number Answered
Your Score History
You have not taken this quiz since the last reset